00321nam a2200121Ia 4500008004100000041000800041082001800049100001000067245004400077260003800121300002900159365001100188240624s9999 xx 000 0 und d aeng a658.40722 RAT aICFAI aCASE STUDIES ON CORPORATE TURNAROUNDS I c2006aHyderabadbICFAI University ax, : 286 : p. : cm. ; 25 cRSb25